Statistics for Regions of France in Order by Population

Click here to take the quiz!

General Stats

  • This quiz has been taken 11 times
  • The average score is 11 of 18

Answer Stats

PopulationRegion% Correct
12,117,132Île-de-France
100%
7,916,889Auvergne-Rhône-Alpes
89%
5,555,186Grand Est
78%
3,335,929Normandy
78%
3,306,529Brittany
67%
6,006,870Hauts-de-France
67%
5,935,603Nouvelle-Aquitaine
67%
5,021,928Provence-Alpes-Côte d'Azur
67%
2,818,338Bourgogne-Franche-Comté
56%
2,577,866Centre-Val-de-Loire
56%
330,455Corsica
56%
5,808,435Occitanie
56%
3,737,632Pays de la Loire
56%
269,352French Guiana
44%
394,110Guadeloupe
44%
376,480Martinique
44%
256,518Mayotte
44%
852,924Réunion
44%

Score Distribution

Percentile by Number Answered

Percent of People with Each Score

Your Score History

You have not taken this quiz